| 000 | 00569nam a22001697a 4500 | ||
|---|---|---|---|
| 005 | 20231109060253.0 | ||
| 008 | 231109b |||||||| |||| 00| 0 eng d | ||
| 020 | _a0409038350 | ||
| 041 | _aEnglish | ||
| 082 | _a346.2 LAM | ||
| 100 |
_aLambiris, MA _lEnglish |
||
| 245 |
_aOrders of Specific Performance and Restitutio in Integrum in South African Law / _cMA Lambiris |
||
| 260 |
_aDurban : _bButterworth Publishers (Pty) Ltd, _c 1989 |
||
| 300 |
_bxiii, 379 pages ; _c24,4 cm. |
||
| 650 |
_aLegal practice _bLaw |
||
| 942 |
_cBK _6ALISON_BN_VRIES |
||
| 999 |
_c451 _d451 |
||